O Evangelho de Maria Madalena / (Record no. 361)

MARC details
000 -LÍDER
campo de controle de tamanho fixo 00946nam a2200253 4500
001 - NÚMERO DE CONTROLE
campo de controle 361
003 - IDENTIFICADOR DO NÚMERO DE CONTROLE
campo de controle OSt
005 - DATA E HORÁRIO DA ÚLTIMA TRANSAÇÃO
campo de controle 20250401130950.0
008 - CAMPO DE DADOS FIXOS--INFORMAÇÃO GERAL
campo de controle de tamanho fixo 250401b |||||||e |||| 00| 0 eng d
020 ## - ISBN - INTERNATIONAL STANDARD BOOK NUMBER
ISBN - International Standard Book Number 978595440111
040 ## - FONTE DA CATALOGAÇÃO
Idioma da catalogação por
041 ## - CÓDIGO DE IDIOMA
Código do idioma do texto/trilha sonora ou título diferente por
082 ## - CDD - CLASSIFICAÇÃO DECIMAL DE DEWEY
Número de Classificação 133.9
Número do exemplar B663e
100 1# - ENTRADA PRINCIPAL--NOME PESSOAL
Nome pessoal Boberg, José Lázaro
Datas associadas ao nome 1942-
9 (RLIN) 748
245 ## - TÍTULO
Título O Evangelho de Maria Madalena /
Indicação de responsabilidade, etc. Boberg, José Lázaro
260 ## - PUBLICAÇÃO, DISTRIBUIÇÃO, ETC.
Local de publicação, distribuição, etc. Capivari
Nome do editor, distribuidor, etc. EME
Data da publicação, distribuição, etc. 2017
300 ## - DESCRIÇÃO FÍSICA
Extensão 242 p.
520 ## - NOTA DE RESUMO, ETC.
Resumo, etc. Neste livro, José Lázaro Boberg busca reconstruir a verdade sobre Maria Madalena, uma das personagens femininas mais fortes da literatura antiga e que está presente nas reflexões espíritas. O que dizem os outros evangelhos? Ela foi esposa de Jesus? Foi prostituta? Foi a verdadeira fundadora do Cristianismo?
650 #0 - ASSUNTO--TERMO TÓPICO
Cabeçalho tópico ou nome geográfico Literatura Brasileira
9 (RLIN) 205
650 #0 - ASSUNTO--TERMO TÓPICO
Cabeçalho tópico ou nome geográfico Estudos Espíritas
9 (RLIN) 165
650 #0 - ASSUNTO--TERMO TÓPICO
Cabeçalho tópico ou nome geográfico Maria Madalena
9 (RLIN) 749
650 #0 - ASSUNTO--TERMO TÓPICO
Cabeçalho tópico ou nome geográfico Teoria
9 (RLIN) 6
942 ## - ELEMENTOS DE ENTRADA ADICIONADOS (KOHA)
Fonte de classificação ou esquema de arquivamento Classificação decimal de Dewey
Ocultar no OPAC Não
Tipo de material Koha Livros
Holdings
Situação do descarte Situação das perdas Fonte de classificação ou esquema de arquivamento Status danificado Não pode ser emprestado Coleção Biblioteca de origem Biblioteca atual Localização na estante Data de aquisição Fonte de aquisição Total de empréstimos Número de chamada completo Código de barras Data de último acesso Data do preço efetivo Tipo de material Koha
    Classificação decimal de Dewey     Não ficção Biblioteca Professor Eduardo Afonso de Castro Biblioteca Professor Eduardo Afonso de Castro Obras Espíritas 01.04.2025 doação   133.9 / B663e 2025-17306 01.04.2025 01.04.2025 Livros

Powered by Koha